<?xml version="1.0" encoding="UTF-8"?>
<collection xmlns="http://www.loc.gov/MARC21/slim">
  <record>
    <leader>00000nam  2200000   4500</leader>
    <controlfield tag="001">INLIS000000000810245</controlfield>
    <controlfield tag="005">20251119022306</controlfield>
    <datafield tag="035" ind1="#" ind2="#">
      <subfield code="a">0010-1125000099</subfield>
    </datafield>
    <datafield tag="245" ind1="#" ind2="#">
      <subfield code="a">Kumpulan Doa /</subfield>
      <subfield code="c">Syaikh Said bin ali bin wahf al qahtani</subfield>
    </datafield>
    <datafield tag="300" ind1="#" ind2="#">
      <subfield code="a">322 hlm ;</subfield>
      <subfield code="c">10 cm</subfield>
    </datafield>
    <datafield tag="260" ind1="#" ind2="#">
      <subfield code="a">Jakarta : :</subfield>
      <subfield code="b">Yayasan Al-Sofwa</subfield>
    </datafield>
    <datafield tag="082" ind1="#" ind2="#">
      <subfield code="a">297.382</subfield>
    </datafield>
    <datafield tag="084" ind1="#" ind2="#">
      <subfield code="a">297.382 SAI k</subfield>
    </datafield>
    <controlfield tag="008">251119###########################0######</controlfield>
    <datafield tag="990" ind1="#" ind2="#">
      <subfield code="a">00000004772</subfield>
    </datafield>
  </record>
</collection>
